000 01232nam a22003257a 4500
001 18976295
003 OSt
005 20221228124025.0
008 221228b |||||||| |||| 00| 0 eng d
010 _a 2016006271
020 _a9781292115207
040 _aDLC
_beng
_cKMU
_erda
_dDLC
042 _apcc
050 0 0 _aHB172.5
_b.G365 2016
082 0 0 _a339
_223
100 1 _aGärtner, Manfred,
_eauthor.
245 1 0 _aMacroeconomics /
_cManfred Gärtner, University of St Gallen, Switzerland.
250 _aFifth edition.
264 1 _aHarlow, United Kingdom :
_bPearson Education,
_c[2016].
300 _axxi, 569 pages ;
_billustrations :
_c25 cm
336 _atext
_2rdacontent
337 _aunmediated
_2rdamedia
338 _avolume
_2rdacarrier
500 _aIncludes an Appendix and an index
650 0 _aMacroeconomics.
776 0 8 _iOnline version:
_aGärtner, Manfred, author.
_tMacroeconomics
_bFifth edition.
_dHarlow, United Kingdom : Pearson Education, [2016]
_z9781292115238
_w(DLC) 2016008631
906 _a7
_bcbc
_corignew
_d1
_eecip
_f20
_gy-gencatlg
942 _2lcc
_cBK
_e5th edition.
_n0
999 _c14
_d14